| 000 | 00959nac a22003137a 4500 | ||
|---|---|---|---|
| 001 | BR0003700 | ||
| 003 | BR-BrBNA | ||
| 005 | 20240105122438.0 | ||
| 008 | 230509b bl.|||m| |||| 00| 0 por d | ||
| 040 |
_aBR-BrBNA _bpor _cBiblioteca Nacional de Agricultura |
||
| 072 | _aQ03 | ||
| 090 | _a0120 BR0003700 | ||
| 100 | 1 | _aRodrigues, G.S. | |
| 110 | 1 | _aEMBRAPA Meio Ambiente, Jaguariuna, SP (Brasil) | |
| 245 | 1 | _aPesticidas e toxicidade genetica, deteccao e monitoramento com bioensaios vegetais: milho e soja | |
| 260 | 3 |
_aJaguariuna, SP (Brasil): _c1999. |
|
| 300 | _a30 p. | ||
| 490 |
_aDocumentos - EMBRAPA Meio Ambiente (Brazil) _vno. 13 _xISSN 1516-4991 |
||
| 500 | _aBibliography p. 21-29 | ||
| 650 | _aMilho | ||
| 650 | _aSoja | ||
| 650 | _aPesticida | ||
| 650 | _aToxidez | ||
| 650 | _aContaminacao | ||
| 650 | _aMosaico | ||
| 650 | _aGenetica Vegetal | ||
| 909 |
_a202312 _bLúcia Elande _c55 _dLúcia Elande |
||
| 942 |
_2AGRIS _n0 _cMS |
||
| 999 |
_c291068 _d291068 |
||